000 00366nam a2200133Ia 4500
008 151001s9999||||xx |||||||||||||| ||und||
100 _aवा शि आपटे
245 _aशिकार वाघाची
250 _a1
260 _bप्रसाद प्रकाशन मुंबई
260 _c1987
300 _a104
365 _b18
999 _c967658
_d967655